Kultura v mezinárodním podnikání

Gespeichert in:
Bibliographische Detailangaben
1. Verfasser: Šroněk, Ivan
Format: Buch
Sprache:Tschechisch
Veröffentlicht: Praha GRADA 2001
Schriftenreihe:Manažer
Schlagworte:
Tags: Tag hinzufügen
Keine Tags, Fügen Sie das erste Tag hinzu!

MARC

LEADER 00000nam a2200000 4500
001 c124324
005 20221124103359.3
020 |a 80-247-0012-3 
041 0 |a cze 
044 |a CZ 
245 1 0 |a Kultura v mezinárodním podnikání  |c Ivan Šroněk 
264 1 |a Praha  |b GRADA  |c 2001 
300 |a 167 s. 
490 1 |a Manažer 
830 0 |a Manažer 
610 2 0 |a kultúra podniková 
610 2 0 |a podnikanie 
610 2 0 |a podnikanie medzinárodné 
610 2 0 |a etiketa 
610 2 0 |a ruch cestovný 
610 2 0 |a obchod medzinárodný 
610 2 0 |a krajiny rozvojové 
610 2 0 |a krajiny vyspelé 
610 2 0 |a regióny 
610 2 0 |a Európa 
610 2 0 |a Arabské štáty 
610 2 0 |a Blízky východ 
610 2 0 |a Ázia 
610 2 0 |a Afrika 
610 2 0 |a Amerika 
610 2 0 |a Severná Amerika 
610 2 0 |a Austrália 
610 2 0 |a Nový Zéland 
100 1 |a Šroněk, Ivan